[Event "23rd ETCC Open 2021"]
[Site "Catez"]
[Date "2021.11.18"]
[Round "6.45"]
[White "Saric, Ivan"]
[Black "Laurusas, Tomas"]
[Result "1-0"]
[WhiteElo "2665"]
[BlackElo "2553"]
[Annotator "TA"]
[PlyCount "99"]
[EventDate "2021.11.08"]
[EventType "team-tourn"]
[EventCountry "SLO"]
[SourceTitle "playchess.com"]
[Source "ChessBase"]
[SourceQuality "1"]
[WhiteTeam "Croatia"]
[BlackTeam "Lithuania"]
[WhiteTeamCountry "CRO"]
[BlackTeamCountry "LTU"]

{[%evp 22,99,39,34,43,37,47,22,42,33,40,43,41,43,68,61,70,36,35,41,89,45,46,40,
49,47,64,37,41,39,44,47,52,20,40,0,13,14,18,0,0,5,3,12,9,4,14,10,22,17,90,19,
31,25,35,45,139,139,131,138,147,157,152,148,151,147,148,139,161,147,144,156,
512,512,512,508,492,492,440,431]} 1. e4 e5 2. Nf3 Nf6 3. Nxe5 d6 4. Nf3 Nxe4 5.
d4 d5 6. Bd3 Nc6 7. O-O Be7 8. Nbd2 Bf5 9. Re1 Nxd2 10. Qxd2 Bxd3 11. Qxd3 O-O
12. c3 h6 {C42: Petroff Defence: 3 Nxe5 and unusual White 3rd moves.} 13. Bf4
Bd6 14. Ne5 Bxe5 {The position is equal.} 15. dxe5 Qd7 16. Rad1 Rad8 {[#]} 17.
Bg3 $146 ({Predecessor:} 17. Qg3 Kh7 18. e6 fxe6 19. Bxc7 Rde8 20. Qd3+ Kg8 21.
Bg3 Rd8 22. h3 a6 23. Re2 {1-0 (59) Nihal,S (2612)-Zarnicki,P (2514) Moscow
2019}) 17... Ne7 18. f4 Rfe8 19. Qf3 Qf5 20. h3 Ng6 21. Bh2 Qc2 22. Qf2 Qxf2+
23. Kxf2 Ne7 24. g4 c5 25. h4 d4 26. cxd4 cxd4 27. Rd3 Nc6 28. a3 Rd5 29. h5
Rb5 30. Re2 f6 {[%cal Rf6e5]} 31. e6 f5 32. Kf3 Kf8 33. gxf5 Rxf5 34. Kg4 Rd5
35. Bg3 Ne7 (35... Ke7 $11) 36. Be1 ({White should play} 36. Re5 $16) 36... g6
$11 37. hxg6 h5+ 38. Kf3 {Strongly threatening Ke4.} Nxg6 (38... Nf5 $1 $14)
39. Bf2 $36 {[%mdl 2048] Black is under strong pressure.} Red8 {[#]} 40. Re4 $1
{[%cal Re4d4]} Ke7 41. Rdxd4 ({Not} 41. Bxd4 $2 Nh4+ 42. Kf2 Nf5 $19) 41...
Rxd4 42. Bxd4 {[%mdl 4096] Endgame f5 is the strong threat. KRB-KRN} Nh4+ 43.
Kf2 b6 44. Bc3 a5 45. Ke2 Nf5 {Threatens to win with ...Ng3+.} 46. Re5 Nd6 {
This costs Black the game.} (46... Ng7 $16 {is tougher.} 47. Kf3 Rf8) 47. Be1
$18 {Hoping for Bh4+.White is clearly winning.} Rf8 48. Bh4+ Ke8 49. Rd5 Rxf4 {
[#]} 50. Bg3 $1 {[%cal Rg3f4] Weighted Error Value: White=0.10/Black=0.23} ({
Inferior is} 50. Rxd6 Rxh4 51. Rxb6 Ke7 $11) 1-0

[Event "23rd ETCC Open 2021"]
[Site "Catez"]
[Date "2021.11.18"]
[Round "6.46"]
[White "Kazakouski, Valery"]
[Black "Brkic, Ante"]
[Result "1-0"]
[WhiteElo "2490"]
[BlackElo "2599"]
[Annotator "ChessBase"]
[PlyCount "105"]
[EventDate "2021.11.08"]
[EventType "team-tourn"]
[EventCountry "SLO"]
[SourceTitle "playchess.com"]
[Source "ChessBase"]
[SourceQuality "1"]
[WhiteTeam "Lithuania"]
[BlackTeam "Croatia"]
[WhiteTeamCountry "LTU"]
[BlackTeamCountry "CRO"]
[TimeControl "40/5400+30:1800+30"]

1. d4 Nf6 2. c4 g6 3. g3 c6 4. Bg2 d5 5. Qa4 Nfd7 6. cxd5 Nb6 7. Qd1 cxd5 8. e3
Bg7 9. Nc3 h5 10. a4 a5 11. h4 Nc6 12. Nge2 Bf5 13. Nf4 Nb4 14. O-O O-O 15. Qe2
Nc2 16. Ra2 Nb4 17. Ra1 Rc8 18. Bd2 Qd7 19. Rfc1 e5 20. dxe5 Bxe5 21. e4 dxe4
22. Nxe4 Nc2 23. Rab1 Nd4 24. Qd1 Qxa4 25. Rxc8 Rxc8 26. Qxa4 Nxa4 27. Nd3 Nb3
28. Bxa5 Bd4 29. Bb4 Rc2 30. Ba3 b5 31. Re1 Kg7 32. Bf3 Bg4 33. Bd1 Bxd1 34.
Rxd1 Nb6 35. Nd6 Nc4 36. Nxb5 Bb6 37. Nd6 Nxa3 38. bxa3 Nd4 39. Rb1 Rc6 40.
Nxf7 Ne2+ 41. Kg2 Nc3 42. Rb3 Nd5 43. Nfe5 Re6 44. Nc4 Bc7 45. Rb5 Ne7 46. a4
Kh6 47. a5 Nf5 48. Rb7 Bd8 49. Nb4 Be7 50. a6 Bxb4 51. a7 Ra6 52. Nb6 Nd6 53.
Rd7 1-0

[Event "23rd ETCC Open 2021"]
[Site "Catez"]
[Date "2021.11.18"]
[Round "6.47"]
[White "Bosiocic, Marin"]
[Black "Klabis, Rokas"]
[Result "1/2-1/2"]
[WhiteElo "2545"]
[BlackElo "2353"]
[Annotator "ChessBase"]
[PlyCount "85"]
[EventDate "2021.11.08"]
[EventType "team-tourn"]
[EventCountry "SLO"]
[SourceTitle "playchess.com"]
[Source "ChessBase"]
[SourceQuality "1"]
[WhiteTeam "Croatia"]
[BlackTeam "Lithuania"]
[WhiteTeamCountry "CRO"]
[BlackTeamCountry "LTU"]
[TimeControl "40/5400+30:1800+30"]

1. Nf3 Nf6 2. c4 e6 3. Nc3 Bb4 4. Qc2 O-O 5. a3 Bxc3 6. Qxc3 d6 7. b4 a5 8. Bb2
Nbd7 9. e3 b6 10. Be2 Bb7 11. O-O Qe7 12. d4 Ne4 13. Qc2 f5 14. d5 e5 15. Nd2
Ndf6 16. f4 Nxd2 17. Qxd2 Ne4 18. Qc2 c6 19. Rad1 cxd5 20. cxd5 exf4 21. Rxf4
axb4 22. axb4 Ba6 23. Bxa6 Rxa6 24. Rdf1 g6 25. g4 Nf6 26. Qc3 Qe5 27. Qb3 Qxd5
28. Qc3 b5 29. e4 Qc6 30. Qb3+ Qc4 31. Qxc4+ bxc4 32. exf5 Ra2 33. Bxf6 Rxf6
34. Rxc4 gxf5 35. gxf5 Rb2 36. Rcf4 d5 37. Rc1 Rb6 38. f6 Rb8 39. Re1 Kf8 40.
f7 d4 41. Kh1 R2xb4 42. Rg1 Rb1 43. Rxd4 1/2-1/2

[Event "23rd ETCC Open 2021"]
[Site "Catez"]
[Date "2021.11.18"]
[Round "6.48"]
[White "Brazdzionis, Andrius"]
[Black "Martinovic, Sasa"]
[Result "1/2-1/2"]
[WhiteElo "2356"]
[BlackElo "2542"]
[Annotator "ChessBase"]
[PlyCount "100"]
[EventDate "2021.11.08"]
[EventType "team-tourn"]
[EventCountry "SLO"]
[SourceTitle "playchess.com"]
[Source "ChessBase"]
[SourceQuality "1"]
[WhiteTeam "Lithuania"]
[BlackTeam "Croatia"]
[WhiteTeamCountry "LTU"]
[BlackTeamCountry "CRO"]
[TimeControl "40/5400+30:1800+30"]

1. d4 Nf6 2. c4 e6 3. Nf3 a6 4. Nc3 d5 5. c5 Nc6 6. h3 Ne4 7. Bf4 g5 8. Bh2 Bg7
9. e3 O-O 10. Be2 f5 11. O-O Bd7 12. Nd2 Nxd2 13. Qxd2 f4 14. Rad1 Qf6 15. Bg4
Rad8 16. b4 Kh8 17. b5 axb5 18. Nxb5 e5 19. Bxd7 Rxd7 20. dxe5 Nxe5 21. exf4
gxf4 22. Rfe1 d4 23. Kh1 d3 24. Re4 Qc6 25. Nc3 Qxc5 26. Rxf4 Rxf4 27. Bxf4 Nc4
28. Ne4 Qf5 29. Qc1 b5 30. Nc3 Qc5 31. Ne4 Qf5 32. Nc3 c6 33. f3 d2 34. Bxd2
Nxd2 35. Rxd2 Bh6 36. Qc2 Qxc2 37. Rxc2 Bf4 38. g3 Bxg3 39. Ne4 Bf4 40. Rxc6
Ra7 41. Rc2 Kg7 42. Kg2 Kg6 43. Rb2 Be5 44. Rxb5 Rxa2+ 45. Kf1 Bf4 46. h4 Rh2
47. h5+ Rxh5 48. Rxh5 Kxh5 49. Nf6+ Kg6 50. Nxh7 Kxh7 1/2-1/2

[Event "23rd ETCC Open 2021"]
[Site "Catez"]
[Date "2021.11.18"]
[Round "6.49"]
[White "Mikhalevski, Victor"]
[Black "Vocaturo, Daniele"]
[Result "1/2-1/2"]
[WhiteElo "2559"]
[BlackElo "2632"]
[Annotator "TA"]
[PlyCount "117"]
[EventDate "2021.11.08"]
[EventType "team-tourn"]
[EventCountry "SLO"]
[SourceTitle "playchess.com"]
[Source "ChessBase"]
[SourceQuality "1"]
[WhiteTeam "Israel"]
[BlackTeam "Italy"]
[WhiteTeamCountry "ISR"]
[BlackTeamCountry "ITA"]

{[%evp 17,117,5,8,-6,3,-18,-15,-29,-13,-14,0,-24,-16,-35,-30,-40,-32,-37,-20,
-40,-40,-57,-47,-54,-26,-54,-52,-104,-103,-96,-92,-83,-89,-95,-55,-111,-111,
-185,-110,-218,-51,-200,-205,-332,-283,-409,-408,-444,-384,-419,-409,-352,-165,
-175,-161,-170,-170,-161,-160,-160,-160,-176,-150,-153,-129,-119,-133,-125,
-112,-154,-138,-179,-155,-175,-71,-70,-66,-114,-66,-66,-66,-187,0,-69,-67,-67,
-67,-226,-66,-66,-66,-66,-62,-59,-52,-52,0,-52,-52,-45,0,-44]} 1. Nf3 c5 2. g3
Nc6 3. Bg2 g6 4. O-O Bg7 5. d3 e5 6. Nc3 Nge7 7. e4 d6 8. Nd2 O-O 9. Nc4 Be6
10. Ne3 {B25: Closed Sicilian: 3 g3, lines without early Be3.} Qd7 11. Ned5
Rae8 12. Be3 {[#]} Nd4 $146 ({Predecessor:} 12... f5 13. Qd2 Nd4 14. Nxe7+ Rxe7
15. f4 b5 16. a3 Ref7 17. Bxd4 cxd4 18. Ne2 Bh6 19. exf5 Rxf5 {0-1 (36)
Roussel,S (2020)-Rakotomaharo,F (2424) Agneaux 2017}) 13. Nxe7+ Rxe7 14. Qd2 b5
15. a3 a5 16. Nd5 Bxd5 17. exd5 a4 (17... Qa7 {is interesting.} 18. Rae1 f5 19.
Bg5 Ree8 20. Be3 a4) 18. Rfe1 f5 19. Bxd4 cxd4 20. c3 Qa7 21. Rac1 dxc3 22.
Rxc3 (22. bxc3 $15 Rc8 23. Rc2) 22... e4 $1 $17 {[%cal Re4e3] White must now
prevent ...e3.} 23. Rc2 {[%cal Rd3e4]} Bd4 $1 $36 {[%mdl 2048] Black has
strong initiative.} 24. Kh1 {[%cal Rd3e4]} e3 25. fxe3 Bxe3 26. Qd1 (26. Qc3
$15) 26... Qd4 27. Rc6 (27. Bf3 $17) 27... Qf6 (27... Qxb2 $19 28. Rxd6 Qxa3)
28. b3 (28. Rc2 $17) 28... f4 $2 ({Better is} 28... b4 $1 $19 29. axb4 a3) 29.
Rf1 (29. bxa4 $15 bxa4 30. Rf1) 29... b4 $1 $19 30. Rc4 (30. axb4 $142 a3 31.
Rc2) 30... bxa3 31. Rxa4 (31. d4 {was the only defense.}) 31... Qb2 32. gxf4
Bd4 33. Qg4 {intending f5.} Bg7 34. Be4 a2 ({Resist} 34... Qxb3 35. Qd1 $19) (
34... Rc7 $142 {Strongly threatening ...Rc1.} 35. Qg1 Rc2) 35. Qg2 Qxg2+ ({
And not} 35... Qxb3 36. Rxa2 Ref7 37. Raf2 $14) 36. Kxg2 a1=Q 37. Rfxa1 Bxa1 ({
Weaker is} 37... Rxf4 38. Rb1 $14) 38. Rxa1 Rxf4 {[%mdl 4096] Endgame KRR-KRB}
39. Ra6 Rf6 40. Rb6 Ra7 41. b4 Kf8 42. Kg3 Kg7 43. h4 Ra1 44. b5 {[#]} Rg1+ $1
45. Kh2 {[#]} Rb1 (45... Rg4 $1 $19 {is more deadly. Threatens to win with ...
Kh6.} 46. Rb7+ Rf7) 46. Kg3 $17 Rb2 47. Kg4 Rbf2 48. Kg3 Rf1 49. Kg2 (49. Rc6
$15) 49... Rb1 (49... R1f4 $19 50. Kh3 Kh6) 50. Kg3 $1 $15 Kh6 51. Rb7 $1 Rg1+
52. Kh3 $2 (52. Bg2 $1 $15) 52... Rgf1 $2 (52... Rf2 $19 {...Re2 is the strong
threat.} 53. Rd7 Re2 54. Rxd6 Re3+ 55. Kh2 Rb1) 53. Rd7 Rb1 54. Rb7 Rb3 {
aiming for ...Rf4.} 55. Kg3 Rb2 56. Kg4 Rb1 57. Kh3 Rg1 58. Rd7 $1 Rb1 59. Rb7
{And White is the lucky defender.  Weighted Error Value: White=0.29/Black=0.31}
1/2-1/2

[Event "23rd ETCC Open 2021"]
[Site "Catez"]
[Date "2021.11.18"]
[Round "6.50"]
[White "Moroni, Luca Jr"]
[Black "Smirin, Ilia"]
[Result "0-1"]
[WhiteElo "2580"]
[BlackElo "2616"]
[Annotator "TA"]
[PlyCount "78"]
[EventDate "2021.11.08"]
[EventType "team-tourn"]
[EventCountry "SLO"]
[SourceTitle "playchess.com"]
[Source "ChessBase"]
[SourceQuality "1"]
[WhiteTeam "Italy"]
[BlackTeam "Israel"]
[WhiteTeamCountry "ITA"]
[BlackTeamCountry "ISR"]

{[%evp 9,78,16,29,0,14,14,50,-8,0,-20,-6,-24,0,0,0,0,0,-36,0,0,0,-30,-27,-51,
-15,-8,-24,-45,-34,-44,-50,-135,-110,-123,-89,-127,-139,-129,-151,-174,-179,
-120,-117,-322,-345,-444,-431,-439,-413,-430,-378,-328,-166,-185,-178,-535,
-505,-1203,-537,-790,-788,-774,-756,-770,-763,-739,-708,-675,-576,-637,-635]} 
1. e4 c5 2. Nf3 d6 3. d4 cxd4 4. Nxd4 Nf6 5. Nc3 a6 6. h4 {B90: Sicilian
Najdorf: Unusual White 6th moves, 6 Be3 Ng4 and 6 Be3 e5.} Nc6 (6... e5 $5 {
[%cal Re5d4]} 7. Nb3 Be7 $11) 7. h5 e5 $5 {[%mdl 4] Leaves trodden paths.} 8.
Nb3 {[#]} ({White should try} 8. Nxc6 $14 bxc6 9. h6) 8... Be7 $146 ({
Predecessor:} 8... Be6 9. Bg5 Be7 10. h6 g6 11. Qd2 b5 12. Rd1 b4 13. Bxf6 Bxf6
14. Nd5 Bg5 {1/2-1/2 (46) Alekseenko,K (2637)-Vachier Lagrave,M (2780) Chess.
com INT 2019}) 9. Be2 Be6 10. Bf3 a5 11. a4 Nb4 12. h6 g6 13. Bg5 Rc8 14. O-O
O-O 15. Re1 b6 16. Nd2 Nd7 17. Bxe7 Qxe7 18. Nf1 f5 19. Ne3 Nf6 20. Qd2 {[#]} (
{Better is} 20. exf5 $15 gxf5 21. g3) 20... f4 $1 $17 {[%cal Rf4e3]} 21. Ned5
Bxd5 22. Nxd5 Nbxd5 (22... Nfxd5 23. c3 $15) 23. exd5 g5 24. b4 Kh8 25. bxa5 (
25. Qe2 $19) 25... bxa5 26. Qxa5 $2 {This costs White the game.} (26. g4 $17)
26... g4 $19 ({Weaker is} 26... Rxc2 27. Rac1 $15) 27. Bd1 Rg8 28. Ra3 Qf8 29.
Qb6 Rd8 30. a5 Qxh6 (30... Rb8 $142 31. Qa7 Qxh6) 31. a6 f3 ({But not} 31...
Nxd5 32. Qb7 $11) 32. a7 $2 (32. Qe3 Qh4 33. g3) 32... Nxd5 {Black is clearly
winning.} 33. Qc6 (33. Qxd8 $142 Rxd8 34. a8=Q Rxa8 35. Rxa8+ Kg7 36. Ra3)
33... Nf4 (33... Qd2 $142 {( -> ...g3)} 34. Qc4 Qxe1+ 35. Qf1 Qb4) 34. g3 Nh3+
({Less strong is} 34... Qh3 35. Bxf3 gxf3 36. Qxf3 $17) 35. Kf1 Ng5 {[%cal
Rh6h1] [#]} 36. Kg1 Qh3 {[%csl Gf3][%cal Rh3g2]} 37. Rxf3 gxf3 38. Bxf3 Nxf3+
39. Qxf3 {Intending Qf6+ and mate.} Rdf8 {Weighted Error Value: White=0.58/
Black=0.23} 0-1

[Event "23rd ETCC Open 2021"]
[Site "Catez"]
[Date "2021.11.18"]
[Round "6.51"]
[White "Postny, Evgeny"]
[Black "Sonis, Francesco"]
[Result "1/2-1/2"]
[WhiteElo "2557"]
[BlackElo "2536"]
[Annotator "ChessBase"]
[PlyCount "69"]
[EventDate "2021.11.08"]
[EventType "team-tourn"]
[EventCountry "SLO"]
[SourceTitle "playchess.com"]
[Source "ChessBase"]
[SourceQuality "1"]
[WhiteTeam "Israel"]
[BlackTeam "Italy"]
[WhiteTeamCountry "ISR"]
[BlackTeamCountry "ITA"]
[TimeControl "40/5400+30:1800+30"]

1. d4 Nf6 2. Nf3 e6 3. c4 d5 4. g3 Bb4+ 5. Bd2 Be7 6. Bg2 O-O 7. O-O Nbd7 8.
Qc2 c6 9. Rc1 b6 10. a4 a5 11. cxd5 cxd5 12. Nc3 Bb7 13. Nb5 Rc8 14. Qd1 Rxc1
15. Rxc1 Qa8 16. e3 Rc8 17. Bf1 Rxc1 18. Qxc1 Qc8 19. Qxc8+ Bxc8 20. Ne1 Ne4
21. Bc1 Nb8 22. Nc2 Bd7 23. b3 Nc6 24. f3 Nf6 25. Bd2 Ne8 26. Kf2 Nb4 27. Nxb4
Bxb4 28. Bxb4 axb4 29. e4 Bxb5 30. Bxb5 Nd6 31. Bc6 dxe4 32. fxe4 f6 33. Ke3 e5
34. Bd5+ Kf8 35. Kd3 1/2-1/2

[Event "23rd ETCC Open 2021"]
[Site "Catez"]
[Date "2021.11.18"]
[Round "6.52"]
[White "Lodici, Lorenzo"]
[Black "Boruchovsky, Avital"]
[Result "1-0"]
[WhiteElo "2529"]
[BlackElo "2542"]
[Annotator "ChessBase"]
[PlyCount "103"]
[EventDate "2021.11.08"]
[EventType "team-tourn"]
[EventCountry "SLO"]
[SourceTitle "playchess.com"]
[Source "ChessBase"]
[SourceQuality "1"]
[WhiteTeam "Italy"]
[BlackTeam "Israel"]
[WhiteTeamCountry "ITA"]
[BlackTeamCountry "ISR"]
[TimeControl "40/5400+30:1800+30"]

1. d4 Nf6 2. c4 e6 3. Nc3 Bb4 4. f3 c5 5. d5 b5 6. e4 d6 7. Bd2 a6 8. a4 Ba5 9.
Kf2 bxc4 10. Bxc4 O-O 11. Nge2 Nbd7 12. dxe6 Ne5 13. exf7+ Kh8 14. b3 Nxc4 15.
bxc4 Rxf7 16. Kg1 Nd7 17. h4 Ne5 18. Bg5 Qf8 19. Nd5 Rb8 20. h5 Bd8 21. Bd2
Nxc4 22. Bc3 h6 23. Qc1 Kg8 24. Rb1 Rxb1 25. Qxb1 Be6 26. Qd3 Nb6 27. Nxb6 Bxb6
28. Qxa6 Qb8 29. Kf2 c4+ 30. Bd4 Rb7 31. Rd1 Bf7 32. a5 Bc7 33. Kg1 Kh7 34. Nc3
Rb3 35. Nd5 Bxd5 36. exd5 Rb1 37. Rxb1 Qxb1+ 38. Kh2 Qd3 39. Qa7 c3 40. Bxg7
Qc4 41. Qd4 Qxd4 42. Bxd4 Bxa5 43. Be3 Bb4 44. Bc1 Bc5 45. Kg3 Bd4 46. f4 Kg7
47. Kf3 Bf6 48. Ke4 Bh4 49. g4 Kf6 50. Kd3 Be1 51. Be3 Ke7 52. f5 1-0

[Event "23rd ETCC Open 2021"]
[Site "Catez"]
[Date "2021.11.18"]
[Round "6.53"]
[White "Dardha, Daniel"]
[Black "Thybo, Jesper Sondergaard"]
[Result "1-0"]
[WhiteElo "2525"]
[BlackElo "2604"]
[Annotator "TA"]
[PlyCount "133"]
[EventDate "2021.11.08"]
[EventType "team-tourn"]
[EventCountry "SLO"]
[SourceTitle "playchess.com"]
[Source "ChessBase"]
[SourceQuality "1"]
[WhiteTeam "Belgium"]
[BlackTeam "Denmark"]
[WhiteTeamCountry "BEL"]
[BlackTeamCountry "DEN"]

{[%evp 24,133,0,12,5,7,6,7,20,10,10,21,21,21,33,19,33,28,32,28,28,8,8,8,8,6,8,
8,18,17,25,25,23,7,12,3,20,7,22,10,10,10,10,3,15,5,5,0,20,20,20,20,20,20,20,20,
20,20,20,12,24,10,14,7,7,7,21,21,35,34,58,43,50,0,0,0,0,-8,-8,-8,-8,-8,-8,-8,0,
0,0,-8,0,0,0,-12,0,-8,0,0,0,0,0,0,62,62,1562,1531,2107,2167,1932,1734,29969,
29968,29963,11593]} 1. d4 Nf6 2. c4 e6 3. Nc3 Bb4 4. f3 d5 5. a3 Bxc3+ 6. bxc3
c5 7. cxd5 Nxd5 8. dxc5 Qa5 9. e4 Nf6 10. Be3 O-O 11. Qb3 Qc7 12. a4 {[%cal
Ba3a4,Ba4a5][%mdl 32]} Nfd7 13. Qa3 b6 {E25: Nimzo-Indian: Sämisch: 5...c5 6
f3 d5 7 cxd5.} 14. a5 bxc5 15. a6 c4 {The position is equal.} 16. Qa5 Qxa5 17.
Rxa5 Bxa6 18. Ne2 Rc8 {[#]} 19. Kf2 $146 {[%mdl 1024] White has compensation.}
({Predecessor:} 19. Nd4 Nc5 20. Be2 Nbd7 21. O-O Rab8 22. Rfa1 Rb6 23. Nc2 Rb2
24. Bd1 Bb7 25. Rxa7 {1-0 (43) Utnasunov,A (2444)-Bykov,E (2324) Sochi 2017})
19... Bb7 20. Nd4 Nc5 21. Be2 ({Don't play} 21. Bxc4 Nxe4+ 22. fxe4 Rxc4 $15)
21... Nd3+ $1 22. Kg3 Nc6 23. Nxc6 Bxc6 24. Rha1 Rc7 25. Bxa7 f6 26. Be3 Rxa5
27. Rxa5 Kf7 28. Ra6 e5 29. h4 Bd7 30. Rb6 Bc8 31. Rb8 Be6 32. Bd1 Bd7 33. Kh2
Bc6 34. Bc2 Ne1 35. Bd1 Rb7 36. Rxb7+ Bxb7 $11 {[%mdl 4096] Endgame KBB-KBN}
37. Ba4 Bc8 38. Bb5 Be6 39. Kg1 h5 40. Kf1 Nd3 41. g3 Ke7 42. Ke2 Bf7 43. f4
Kd6 44. fxe5+ Nxe5 45. Bd4 g5 46. Bb6 gxh4 47. gxh4 Be6 48. Ke3 Bd7 49. Ba6 Kc6
50. Bd8 Be6 51. Kd4 Nf3+ 52. Ke3 Ne1 53. Ba5 $1 ({But not} 53. Bxf6 $2 Kb6 $19)
53... Nc2+ 54. Kf4 Ne1 {[#] White must now prevent ...Nd3+.} 55. Ke3 Nc2+ 56.
Kf4 Na1 {...Nb3 is the strong threat.} 57. e5 Nb3 58. Bb4 Kb6 59. exf6 Kxa6 60.
Kg5 Nd2 61. Kxh5 Nf3 (61... Bf7+ $1 $11 62. Kh6 Nf3) 62. Bd6 $14 {And now Bg3
would win.} Kb5 $2 {[%mdl 8192] [#] Black cannot hold the game after this.} (
62... Bf7+ $14 63. Kg4 Nxh4 64. Kxh4 Kb5) 63. Bg3 $1 $18 Nd2 64. Kg6 Ne4 65.
Be5 Nxf6 66. Bxf6 Bd5 67. h5 {Weighted Error Value: White=0.04/Black=0.04} 1-0

[Event "23rd ETCC Open 2021"]
[Site "Catez"]
[Date "2021.11.18"]
[Round "6.54"]
[White "Bjerre, Jonas Buhl"]
[Black "Beukema, Stefan"]
[Result "1-0"]
[WhiteElo "2569"]
[BlackElo "2408"]
[Annotator "ChessBase"]
[PlyCount "59"]
[EventDate "2021.11.08"]
[EventType "team-tourn"]
[EventCountry "SLO"]
[SourceTitle "playchess.com"]
[Source "ChessBase"]
[SourceQuality "1"]
[WhiteTeam "Denmark"]
[BlackTeam "Belgium"]
[WhiteTeamCountry "DEN"]
[BlackTeamCountry "BEL"]
[TimeControl "40/5400+30:1800+30"]

1. d4 f5 2. g3 Nf6 3. Bg2 d6 4. Nf3 g6 5. O-O Bg7 6. Nbd2 Nc6 7. Re1 O-O 8. e4
fxe4 9. Nxe4 Nxe4 10. Rxe4 Bf5 11. Re1 e5 12. c3 exd4 13. Bg5 Bf6 14. Qb3+ Kh8
15. Bh6 dxc3 16. bxc3 Re8 17. Rxe8+ Qxe8 18. Re1 Qd7 19. Ng5 Nd8 20. Qc4 c6 21.
g4 d5 22. Qf4 Bxc3 23. gxf5 Nf7 24. Nxf7+ Qxf7 25. Re3 Ba1 26. Qd6 gxf5 27. Qe7
Qg6 28. Bf4 Rg8 29. Rg3 Qh5 30. Be5+ 1-0

[Event "23rd ETCC Open 2021"]
[Site "Catez"]
[Date "2021.11.18"]
[Round "6.55"]
[White "Verstraeten, Rein"]
[Black "Rasmussen, Allan Stig"]
[Result "1/2-1/2"]
[WhiteElo "2386"]
[BlackElo "2577"]
[Annotator "ChessBase"]
[PlyCount "99"]
[EventDate "2021.11.08"]
[EventType "team-tourn"]
[EventCountry "SLO"]
[SourceTitle "playchess.com"]
[Source "ChessBase"]
[SourceQuality "1"]
[WhiteTeam "Belgium"]
[BlackTeam "Denmark"]
[WhiteTeamCountry "BEL"]
[BlackTeamCountry "DEN"]
[TimeControl "40/5400+30:1800+30"]

1. d4 f5 2. g3 Nf6 3. Bg2 d6 4. Nf3 g6 5. O-O Bg7 6. c4 O-O 7. Nc3 c6 8. b4 e5
9. dxe5 dxe5 10. e4 f4 11. Qb3 Qe8 12. b5 Bg4 13. Ba3 Rf7 14. Bd6 Bf8 15. Rad1
Nbd7 16. bxc6 bxc6 17. Qa3 h6 18. c5 g5 19. Bxf8 Qxf8 20. Rd6 Ne8 21. Rxd7 Bxd7
22. Nxe5 f3 23. Nxd7 Rxd7 24. Bh3 Re7 25. Qa4 Qf6 26. e5 Rxe5 27. Bd7 Rd8 28.
Bxc6 Kh8 29. Nd5 Qf7 30. Ne3 Rxc5 31. Bxe8 Qxe8 32. Qxa7 Rdc8 33. h3 R8c7 34.
Qb6 R7c6 35. Qb4 Qe6 36. Qd4+ Qf6 37. Qe4 Re5 38. Qd4 Re8 39. Qd5 Qd6 40. Qxf3
Qf6 41. Nf5 Rce6 42. Kg2 Qe5 43. Rd1 Rf6 44. g4 Qe4 45. Qxe4 Rxe4 46. Rd8+ Kh7
47. Rd7+ Kh8 48. Rd8+ Kh7 49. Rd7+ Kh8 50. Rd8+ 1/2-1/2

[Event "23rd ETCC Open 2021"]
[Site "Catez"]
[Date "2021.11.18"]
[Round "6.56"]
[White "Hansen, Sune Berg"]
[Black "Hovhannisyan, Mher"]
[Result "1-0"]
[WhiteElo "2543"]
[BlackElo "2419"]
[Annotator "ChessBase"]
[PlyCount "64"]
[EventDate "2021.11.08"]
[EventType "team-tourn"]
[EventCountry "SLO"]
[SourceTitle "playchess.com"]
[Source "ChessBase"]
[SourceQuality "1"]
[WhiteTeam "Denmark"]
[BlackTeam "Belgium"]
[WhiteTeamCountry "DEN"]
[BlackTeamCountry "BEL"]
[TimeControl "40/5400+30:1800+30"]

1. d4 d5 2. Nf3 Nf6 3. Bf4 c6 4. e3 e6 5. Nbd2 Nbd7 6. h3 Be7 7. Bd3 O-O 8. c3
b6 9. g4 c5 10. g5 Nh5 11. Bh2 g6 12. h4 a5 13. a4 Ba6 14. Bxa6 Rxa6 15. Qe2
Ra8 16. Qb5 Qc8 17. O-O-O Qb7 18. Kb1 Rac8 19. Rhg1 Qc6 20. Qxc6 Rxc6 21. e4
Rd8 22. exd5 exd5 23. Nf1 Bd6 24. Ne3 Bxh2 25. Nxh2 Rd6 26. Nf3 Kg7 27. c4 dxc4
28. Nxc4 Rd5 29. Ne3 Rd6 30. d5 Nf8 31. Ne5 Rb8 32. N3c4 Re6 1-0

[Event "23rd ETCC Open 2021"]
[Site "Catez"]
[Date "2021.11.18"]
[Round "6.57"]
[White "Ragger, Markus"]
[Black "Lenic, Luka"]
[Result "1/2-1/2"]
[WhiteElo "2668"]
[BlackElo "2633"]
[Annotator "TA"]
[PlyCount "64"]
[EventDate "2021.11.08"]
[EventType "team-tourn"]
[EventCountry "SLO"]
[SourceTitle "playchess.com"]
[Source "ChessBase"]
[SourceQuality "1"]
[WhiteTeam "Austria"]
[BlackTeam "Slovenia"]
[WhiteTeamCountry "AUT"]
[BlackTeamCountry "SLO"]

{[%evp 25,64,11,8,9,11,7,11,5,11,11,4,6,6,6,6,7,7,6,11,5,5,0,0,0,0,0,0,0,0,0,0,
0,0,0,0,0,0,0,0,0,0]} 1. Nf3 Nf6 2. c4 g6 3. Nc3 d5 4. d4 Bg7 5. Bg5 Ne4 6. Bf4
Nxc3 7. bxc3 c5 8. e3 O-O 9. cxd5 cxd4 10. cxd4 Qxd5 11. Be2 Qa5+ 12. Qd2 Qxd2+
13. Kxd2 Nc6 {The position is equal.} 14. Rhc1 {D80: Grünfeld: Unusual White
4th moves and 4 Bg5.} Rd8 15. Bd3 e5 16. Nxe5 Bxe5 17. Bxe5 ({Not} 17. dxe5 $2
Bf5 $19) 17... Nxe5 18. dxe5 Bf5 19. Rc3 Rd5 {[#] White must now prevent ...
Rad8.} 20. Ke2 {White wants to play Bxf5.} Bxd3+ 21. Rxd3 Rxe5 $11 {[%mdl 4096]
Endgame KRR-KRR} 22. Rc1 Rae8 {[#]} 23. Rc7 $146 ({Predecessor:} 23. h4 h5 24.
Rc7 R8e7 25. Rdd7 Rxd7 26. Rxd7 Rb5 27. a4 Rb4 28. g3 Kg7 29. Kf3 Kf6 30. a5
Ke6 31. Rc7 a6 32. e4 {1/2-1/2 (32) Lamawansa,Y (2012)-Kavinda,A (1986)
Colombo 2016}) 23... R8e7 $1 {[%cal Re7c7]} 24. Rdd7 (24. Rc2 {is interesting.}
Kg7 25. h3 h5 26. g4 b6 27. Kf3) 24... Rxd7 25. Rxd7 {KR-KR} Ra5 26. Rxb7 Rxa2+
27. Kf3 h5 28. h4 Kg7 29. Kg3 Ra3 30. Kf4 Ra2 31. Kg3 Ra3 32. Kf4 Ra2 {An
uneventful encounter.  Weighted Error Value: White=0.00/Black=0.00} 1/2-1/2